000
00181 a2200097 4500
020
_a
9780545021869
041
_a
spa
100
_a
Tracey West
245
_a
trucos de elfo
942
_c
BK
999
_c
8537
_d
8537